Novidades taxonômicas em Ericaceae para o Brasil: uma nova espécie para Gaylussacia e uma combinação nova para Gaultheria (Registro n. 328987)
[ somente texto ]
| 000 -LÍDER | |
|---|---|
| fixed length control field | 02471nab a2200265 i 4500 |
| 003 - CÓDIGO MARC DA AGÊNCIA CATALOGADORA | |
| Campo de controle | BR-BrBNA |
| 005 - DATA E HORA DA ÚLTIMA ATUALIZAÇÃO | |
| Campo de controle | 20241203150859.0 |
| 008 - CAMPO DE TAMANHO FIXO | |
| fixed length control field | 241203b2010 bl.qr|pooa||| 00| 0 por | |
| 040 ## - FONTE DA CATALOGAÇÃO | |
| Agência catalogadora | BR-BrBNA |
| Idioma da catalogação | por |
| 072 ## - CATEGORIA AGRIS | |
| Código AGRIS | F70 |
| 100 ## - ENTRADA PRINCIPAL - NOME PESSOAL | |
| Nome pessoal | Romão, Gerson Oliveira |
| 100 ## - ENTRADA PRINCIPAL - NOME PESSOAL | |
| Nome pessoal | Kinoshita, Luiza Sumiko |
| 245 ## - TÍTULO PRINCIPAL | |
| Título principal | Novidades taxonômicas em Ericaceae para o Brasil: uma nova espécie para Gaylussacia e uma combinação nova para Gaultheria |
| 500 ## - NOTA GERAL | |
| Nota geral | Publicação on-line; 9 ref.; 2 illus.; Summaries (En, Pt) |
| 942 ## - ADDED ENTRY ELEMENTS (KOHA) | |
| Koha item type | Analítica |
| 520 ## - NOTA DE RESUMO | |
| Nota de conteúdo | <br/><br/>Resumo<br/><br/>Como resultado do levantamento taxonômico das espécies de Gaylussacia Kunth, descreve-se uma nova<br/>espécie, Gaylussacia paranaensis G.O. Romão & Kinoshita. É também proposta para Gaultheria L. uma<br/>nova combinação, Gaultheria corvensis (R.R. Silva & Cervi) G.O. Romão & Kinoshita, esta baseada em<br/>Gaylussacia corvensis. Ambas as espécies estão restritas à Região Sul do Brasil, sendo que Gaylussacia<br/>paranaensis ocorre no município de Antonina, Paraná, e caracteriza-se por apresentar folhas elípticas com<br/>margem regularmente serrilhada a serreada e brácteas com glândula apical-espessa e Gaultheria corvensis<br/>ocorre na Serra do Corvo Branco, Município de Grão Pará, Santa Catarina.<br/><br/>Palavras-chave: Paraná, Santa Catarina, taxonomia. |
| 520 ## - NOTA DE RESUMO | |
| Nota de conteúdo | <br/><br/>Abstract<br/><br/>As a result of a taxonomic survey of the Gaylussacia Kunth, a new species is described, Gaylussacia<br/>paranaensis G.O. Romão & Kinoshita. And a new combination for Gaultheria L., Gaultheria corvensis (R.R.<br/>Silva & Cervi) G.O. Romão & Kinoshita is proposed, based on Gaylussacia corvensis. The two species are<br/>restricted to Southern Brazil. Gaylussacia paranaensis is found in Antonina municipality, Paraná state, and<br/>characterized by elliptic leaves, margin regularly serrulate to serrate and apicalgland on the bract, while Gaultheria<br/>corvensis is found in Serra do Corvo Branco, Grão Pará municipality, Santa Catarina state.<br/><br/>Key words: Paraná, Santa Catarina, taxonomy. |
| 650 ## - ASSUNTO - THESAGRO | |
| Cabeçalho tópico ou nome geográfico | TAXONOMIA |
| 650 ## - ASSUNTO - THESAGRO | |
| Cabeçalho tópico ou nome geográfico | ERICACEAE |
| 650 ## - ASSUNTO - THESAGRO | |
| Cabeçalho tópico ou nome geográfico | PARANÁ |
| 650 ## - ASSUNTO - THESAGRO | |
| Cabeçalho tópico ou nome geográfico | SANTA CATARINA |
| 773 0# - ENTRADA ANALÍTICA | |
| Host Biblionumber | 709 |
| Registro do item | 346972 |
| Imprenta | Rio de Janeiro-RJ Jardim Botanico do Rio de Janeiro 1935 |
| Outro identificador | 2024-7792 |
| Título | Rodriguésia (Brazil) |
| ISSN | 0370-6583; 2175-7860 on-line |
| Colação | v. 61(1 suppl. 1) p. S51-S55; (2010) |
| Número de controle de registro | BR2024003748 |
| 856 ## - ACESSO E ENDEREÇO ELETRÔNICO | |
| Identificador uniforme de recurso - URI | https://www.scielo.br/j/rod/a/DRLCrw6tjV3HvJXd494RX4z/?format=pdf&lang=pt |
Nenhum exemplar disponível.

BINAGRI